00229nam a2200085Ia 4500008004100000100002400041245004400065260002600109300000800135201216s9999 xx 000 0 und d aStuart-Kotze, Robin 0aSuccess guide to managerial achievement aRostonbPrentice Hall a192